|
|
|
|
| LEADER |
00000nam a2200000 a 4500 |
| 001 |
vtls001471460 |
| 003 |
SK-MaSNL |
| 005 |
20260301073811.0 |
| 008 |
180812s1923 xo 0 slo |
| 015 |
|
|
|a SNBA19191938-001371
|
| 035 |
|
|
|a SNK000426763
|
| 040 |
|
|
|a SNK
|b slo
|c SNK
|e AACR2
|
| 041 |
0 |
|
|a slo
|
| 044 |
|
|
|a xo
|c SK
|
| 080 |
|
|
|a 885.4
|2 1981
|
| 245 |
1 |
|
|a Comenius
|b slovenský almanach 1923
|c (red. Jozef G[regor] Tajovský, Fr. Votruba, V. Maule, Boh. Bezděk)
|
| 260 |
|
|
|a Bratislava
|b Comenius
|c 1923
|e [s.l.]
|f [s.n.]
|
| 300 |
|
|
|a 115 s.
|c 8°
|
| 500 |
|
|
|a Ilustr.
|
| 500 |
|
|
|a Frontispice
|
| 500 |
|
|
|a Ilustr. (L. Treskoň, M. Benka, M.A. Bazovský, Ján Kupecký, M. Galanda)
|
| 505 |
0 |
|
|a Autori príspevkov - básne: Š. Krčméry, P. Kompiš, E.B. Lukáč, Vl. Roy, Vl. Rolko, J. Smrek; próza: Št. Mihal, T.J. Gašpar, K.F. Urbanovič, Mrk; rôzne: E. Mokrousov, V.K. Vendl, O. Faust, J.Ľ. Holuby, B. Bezděk, J. Hofman. M. Ivanka, J.L. Folprecht, Fedor Houdek
|
| 650 |
0 |
7 |
|a literatúra slovenská
|x almanachy
|2 SNK
|9 395417
|
| 655 |
|
7 |
|a umelecká literatúra
|2 SNK
|9 60405
|
| 655 |
|
7 |
|a zbierky
|2 SNK
|9 70533
|
| 700 |
1 |
|
|a Tajovský, Jozef Gregor,
|d 1874-1940
|4 zre
|9 37212
|
| 700 |
1 |
|
|a Votruba, František,
|d 1880-1953
|4 zre
|9 106041
|
| 700 |
1 |
|
|a Maule, V.
|4 zre
|9 395418
|
| 700 |
1 |
|
|a Bezděk, Boh.
|4 zre
|9 395419
|
| 700 |
1 |
|
|a Treskoň, Ladislav,
|d 1900-1923
|4 ill
|
| 700 |
1 |
|
|a Benka, Martin,
|d 1888-1971
|4 ill
|9 100354
|
| 700 |
1 |
|
|a Bazovský, Miloš Alexander,
|d 1899-1968
|4 ill
|9 103185
|
| 700 |
1 |
|
|a Kupecký, Ján,
|d 1667-1740
|4 ill
|9 194626
|
| 700 |
1 |
|
|a Galanda, Mikuláš,
|d 1895-1938
|4 ill
|9 38238
|
| 700 |
1 |
|
|a Krčméry, Štefan,
|d 1892-1955
|4 aut
|9 5358
|
| 700 |
1 |
|
|a Kompiš, Peter,
|d 1886-1945
|4 aut
|9 89921
|
| 700 |
1 |
|
|a Lukáč, Emil Boleslav,
|d 1900-1979
|4 aut
|9 111229
|
| 700 |
1 |
|
|a Roy, Vladimír,
|d 1885-1936
|4 aut
|9 19274
|
| 700 |
1 |
|
|a Rolko, Vladimír,
|d 1899-1971
|4 aut
|9 40168
|
| 700 |
1 |
|
|a Smrek, Ján,
|d 1898-1982
|4 aut
|9 106970
|
| 700 |
1 |
|
|a Mihal, Štefan,
|d 1895-1974
|4 aut
|9 112730
|
| 700 |
1 |
|
|a Gašpar, Tido J.,
|d 1893-1972
|4 aut
|9 92306
|
| 700 |
1 |
|
|a Urbanovič, Kvetoslav Florián,
|d 1885-1963
|4 aut
|9 185132
|
| 700 |
0 |
|
|a Mrk
|4 aut
|9 395420
|
| 700 |
1 |
|
|a Mokrousov, E.
|4 aut
|9 395421
|
| 700 |
1 |
|
|a Vendl, V.K.
|4 aut
|9 395422
|
| 700 |
1 |
|
|a Faust, Ovidius,
|d 1896-1972
|4 aut
|9 38390
|
| 700 |
1 |
|
|a Holuby, Jozef Ľudovít,
|d 1836-1923
|4 aut
|9 113983
|
| 700 |
1 |
|
|a Hofman, J.
|4 aut
|9 395423
|
| 700 |
1 |
|
|a Ivanka, Milan,
|d 1876-1950
|4 aut
|9 99962
|
| 700 |
1 |
|
|a Folprecht, J.
|4 aut
|9 395424
|
| 700 |
1 |
|
|a Houdek, Fedor Ján,
|d 1877-1953
|4 aut
|9 222671
|
| 958 |
|
|
|a OND
|
| 958 |
|
|
|a RK
|
| 958 |
|
|
|a TL
|
| 958 |
|
|
|a ZB
|
| 999 |
|
|
|c 645239
|d 647169
|
| 952 |
|
|
|t P60, <04>, [BOOK], {604}
|a SNK
|b SNK
|y VYP
|7 0
|p 17A0419557
|o snkSD 877/3 D1
|i snkK 2607/65
|0 0
|1 0
|4 0
|d 2004-03-20
|l 0
|r 2005-01-02 00:00:00
|w 2026-02-23
|
| 952 |
|
|
|a SNKLM
|b SNKLM
|y NEVYP
|7 0
|o snklmMK 4040
|8 3
|0 0
|1 0
|4 0
|d 2006-06-02
|l 0
|r 2026-02-23 18:05:04
|w 2026-02-23
|